000 00427nam a2200181Ia 4500
001 11015
005 20260306161915.0
008 260306t2009||||xx |||||||||||||| ||spa||
041 _aESP
082 _a985
_bU61
100 _aPerú. Universidad de Huancavelica
_eAUT
245 0 _aRealidad nacional
260 _c2009
300 _a155 páginas :
_c21 cm.
650 _aGEN
654 _aCHU
942 _cLIB
_dJUS
_fJUS
_2ddc
_n
999 _c11015
_d11015